Diccionario visual de las cosas de cada día / (Registro nro. 9286)

Detalles MARC
000 -LIDER
fixed length control field 00720nam a22002537a 4500
001 - NÚMERO DE CONTROL
Identificador de número de control 0182
003 - IDENTIFICACDOR DE NÚMERO DE CONTROL
control field DO-SdBNP
005 - DATE AND TIME OF LATEST TRANSACTION
control field 20160317131624.0
007 - CAMPOS FIJOS DE DESCRIPCIÓN FÍSICA
fixed length control field 0182
008 - ELEMENTOS DE LONGITUD FIJA
fixed length control field 151005b 200 1991 sp 00| 0 spa d
020 ## - ISBN
International Standard Book Number 8437245273
040 ## - FUENTE DE CATALOGACIÓN
Agencia que crea de manera original el registro BPMSU
Idioma de catalogación spa
Agencia que realiza la transcripción BPMSU
092 ## - LOCALLY ASSIGNED DEWEY DECIMAL CALL NUMBER
Número de clasificación XXXX
Número de ítem (Cutter) XXXX
245 00 - MENCIÓN DE TITULO
Título Diccionario visual de las cosas de cada día /
Mención de responsabilidad traducido por Javier Franco Aixelá
260 ## - PUBLICACIÓN, DISTRIBUCIÓN, ETC. (PIE DE IMPRENTA)
Lugar de publicación, distribución, etc Madrid :
Nombre del editor, distribuidor, etc. Santillana,
Fecha de publicación, distribución, etc 1991.
300 ## - DESCRIPCIÓN FÍSICA
Extensión 64 p :
Otros detalles físicos il.
Dimensiones 31 cm.
490 1# - MENCIÓN DE SERIES
Mención de serie Diccionarios visuales Altea
534 ## - NOTA SOBRE LA VERSIÓN ORIGINAL
Asiento principal del original The visual dictionary of everyday things
700 12 - ASIENTO SECUNDARIO -- NOMBRE PERSONAL
Nombre personal Aixelá, Javier Franco
Mención de responsabilidad trad.
830 #0 - ASIENTO SECUNDARIO DE SERIE--TÍTULO UNIFORME
Título uniforme Diccionarios visuales Altea
910 ## - VALIDACIÓN
Validación 144
942 ## - ADDED ENTRY ELEMENTS (KOHA)
Source of classification or shelving scheme Dewey Decimal Classification
Koha item type Libros
956 ## - LOCAL ELECTRONIC LOCATION AND ACCESS (OCLC)
Nombre de host Yngrid Lockward
Existencias
Withdrawn status Lost status Source of classification or shelving scheme Damaged status Not for loan Collection code Home library Current library Date acquired Source of acquisition Total Checkouts Barcode Date last seen Price effective from Koha item type
    Dewey Decimal Classification       Biblioteca Pública Metropolitana Salomé Ureña Biblioteca Pública Metropolitana Salomé Ureña 03/17/2016 Donación   BPMET16030161 03/17/2016 03/17/2016 Libros